[Event "Barcelona La Lira op 14th"]
[Site "Barcelona"]
[Date "2023.05.18"]
[Round "5"]
[White "Palmero Castillo, Marcelino"]
[Black "Zaiats, Vladimir"]
[Result "0-1"]
[WhiteElo "1739"]
[BlackElo "1852"]
[PlyCount "212"]
[EventDate "2023.04.20"]
[EventType "swiss"]
[EventRounds "9"]
[EventCountry "ESP"]
[SourceTitle "EXT 2024"]
[Source "ChessBase"]
[SourceDate "2023.10.10"]
[SourceVersion "1"]
[SourceVersionDate "2023.10.10"]
[SourceQuality "1"]

1. e4 e5 2. Nf3 Nf6 3. d4 exd4 4. e5 Ne4 5. Qxd4 d5 6. exd6 Nxd6 7. Bd3 Nc6 8. Qf4 Be7 9. 0-0 0-0 10. Nc3 Be6 11. Bd2 Bf6 12. Rfe1 Ne7 13. Ng5 Bxg5 14. Qxg5 Ng6 15. Rad1 Nc4 16. Qxd8 Rfxd8 17. Bc1 Nd6 18. b3 Bf5 19. Kf1 Bxd3+ 20. Rxd3 Re8 21. Rde3 f6 22. Ba3 Rxe3 23. Rxe3 Ne8 24. Rd3 Ne5 25. Rd2 Nc6 26. Ke1 Rd8 27. Nd5 Kf7 28. c4 Ne5 29. f4 Ng6 30. g3 c6 31. Nc3 Rxd2 32. Kxd2 b6 33. Ke3 Ne7 34. g4 g6 35. h3 Ng7 36. Ne4 Ne8 37. Nd6+ Nxd6 38. Bxd6 Nc8 39. Bb4 Ke6 40. Bc3 Nd6 41. Be1 h5 42. Bb4 c5 43. Be1 hxg4 44. hxg4 Nf7 45. Ke4 Nd6+ 46. Kf3 a5 47. Bc3 a4 48. Bb2 axb3 49. axb3 Nb7 50. Bc3 Nd6 51. Ke3 b5 52. cxb5 Nxb5 53. Bb2 f5 54. gxf5+ gxf5 55. Be5 Na7 56. Kd3 Kd5 57. Kc3 Nc6 58. Bc7 Na7 59. Be5 Nc6 60. Bc7 Ne7 61. Be5 Ng6 62. Bc7 Nf8 63. Be5 Ne6 64. Bb8 Nd4 65. Be5 Nb5+ 66. Kd3 Na7 67. Kc3 Nc6 68. Bc7 Nd4 69. Be5 Ne2+ 70. Kd3 Ng3 71. Bc7 Nf1 72. Be5 Nh2 73. Bc7 Nf3 74. Bb8 Nd4 75. Kc3 Nc6 76. Bc7 Ne7 77. Kd3 Kc6 78. Bb8 Kb5 79. Be5 Nc6 80. Bf6 Nb4+ 81. Kd2 Nd5 82. Be5 Kb4 83. Kc2 Ne7 84. Bd6 Nc6 85. Be5 Kb5 86. Kc3 Nb4 87. Bd6 Kc6 88. Be5 Kd5 89. Bc7 Nc6 90. Kd3 Nd4 91. Kd2 Nxb3+ 92. Kc3 Nd4 93. Be5 Ne6 94. Kd3 c4+ 95. Kc3 Nc5 96. Bb8 Ne4+ 97. Kc2 Nd6 98. Kc3 Nb5+ 99. Kc2 Ke4 100. Be5 Na7 101. Kc3 Kd5 102. Bb8 Nb5+ 103. Kc2 Nd4+ 104. Kc3 Ne2+ 105. Kc2 Ke4 106. Bc7 Nxf4 0-1

[Event "Barcelona La Lira op 14th"]
[Site "Barcelona"]
[Date "2023.05.11"]
[Round "4"]
[White "Zaiats, Vladimir"]
[Black "Abreu Sanchez, Leonel Jesus"]
[Result "1-0"]
[WhiteElo "1852"]
[BlackElo "1667"]
[PlyCount "33"]
[EventDate "2023.04.20"]
[EventType "swiss"]
[EventRounds "9"]
[EventCountry "ESP"]
[SourceTitle "EXT 2024"]
[Source "ChessBase"]
[SourceDate "2023.10.10"]
[SourceVersion "1"]
[SourceVersionDate "2023.10.10"]
[SourceQuality "1"]

1. e4 c5 2. Nf3 d6 3. Bb5+ Bd7 4. Bxd7+ Nxd7 5. 0-0 Ngf6 6. Qe2 e6 7. c3 Be7 8. d4 0-0 9. Rd1 cxd4 10. cxd4 Rc8 11. Nc3 a6 12. Bf4 Qa5 13. e5 Ne8 14. d5 Nxe5 15. Nxe5 dxe5 16. Bxe5 exd5 17. Bxg7 1-0

[Event "Barcelona Sant Marti op-B 20th"]
[Site "Barcelona"]
[Date "2018.07.17"]
[Round "5"]
[White "Zaiats, Vladimir"]
[Black "Romero Funieles, Rafael de Jesus"]
[Result "1-0"]
[WhiteElo "1943"]
[BlackElo "1725"]
[PlyCount "105"]
[EventDate "2018.07.13"]
[EventType "swiss"]
[EventRounds "9"]
[EventCountry "ESP"]
[SourceTitle "EXT 2019"]
[Source "ChessBase"]
[SourceDate "2018.10.10"]
[SourceVersion "1"]
[SourceVersionDate "2018.10.10"]
[SourceQuality "1"]

1. e4 e6 2. Qe2 Nc6 3. Nf3 Nf6 4. g3 e5 5. Bg2 d6 6. h3 Be7 7. d3 h6 8. Nc3 a6 9. Be3 Be6 10. 0-0-0 b5 11. d4 b4 12. Nb1 Bxa2 13. dxe5 Nd7 14. Nd4 Ndxe5 15. f4 Nxd4 16. Bxd4 Nc4 17. e5 0-0 18. Bxa8 Qxa8 19. b3 Na3 20. Nd2 c5 21. Bb2 d5 22. Qf3 a5 23. f5 Bg5 24. h4 Bxd2+ 25. Kxd2 c4 26. Bxa3 bxa3 27. Ra1 cxb3 28. cxb3 Bxb3 29. Qxb3 d4 30. Rhg1 Qe4 31. Qd3 Qxe5 32. Rge1 Qd5 33. Qxa3 Qxf5 34. Rf1 Qh3 35. Qf3 Qe6 36. Rxa5 Qe7 37. Qa3 Qb7 38. Re1 Qc6 39. Rc5 Qf6 40. Re2 d3 41. Qxd3 Rd8 42. Rd5 Qb2+ 43. Ke1 Qa1+ 44. Kf2 Qf6+ 45. Kg2 Qc6 46. Rd2 Re8 47. Kh2 g6 48. Rd8 Rxd8 49. Qxd8+ Kg7 50. Qd4+ Kh7 51. Qb2 Qe6 52. Rd8 g5 53. h5 1-0

[Event "Barcelona Sant Marti op-B 20th"]
[Site "Barcelona"]
[Date "2018.07.13"]
[Round "1"]
[White "Zaiats, Vladimir"]
[Black "Munoz Prior, Marcelo"]
[Result "1-0"]
[WhiteElo "1943"]
[BlackElo "1631"]
[PlyCount "33"]
[EventDate "2018.07.13"]
[EventType "swiss"]
[EventRounds "9"]
[EventCountry "ESP"]
[SourceTitle "EXT 2019"]
[Source "ChessBase"]
[SourceDate "2018.10.10"]
[SourceVersion "1"]
[SourceVersionDate "2018.10.10"]
[SourceQuality "1"]

1. e4 g6 2. d4 Bg7 3. Nc3 a6 4. f4 d6 5. Nf3 Nd7 6. Bc4 b5 7. Bxf7+ Kf8 8. Bd5 Rb8 9. Ng5 Ndf6 10. Nf7 Qe8 11. Nxh8 Nxd5 12. exd5 Bxh8 13. 0-0 Nf6 14. f5 gxf5 15. Bh6+ Kf7 16. Qf3 Ng4 17. Qf4 1-0

[Event "Lund CellaVision Cup"]
[Site "Lund"]
[Date "2017.08.04"]
[Round "1"]
[White "Zaiats, Vladimir"]
[Black "Vishnu, Prasanna V"]
[Result "0-1"]
[WhiteElo "1963"]
[BlackElo "2538"]
[PlyCount "92"]
[EventDate "2017.08.04"]
[EventType "swiss"]
[EventRounds "8"]
[EventCountry "SWE"]
[SourceTitle "CBM 180 Extra"]
[Source "ChessBase"]
[SourceDate "2017.10.06"]
[SourceVersion "1"]
[SourceVersionDate "2017.10.06"]
[SourceQuality "1"]

1. e4 c5 2. Nf3 Nc6 3. Bb5 e6 4. 0-0 Nge7 5. c3 a6 6. Bxc6 Nxc6 7. d4 cxd4 8. cxd4 d5 9. Nc3 dxe4 10. Nxe4 Be7 11. Be3 0-0 12. Rc1 Nb4 13. a3 Nd5 14. Bd2 b6 15. Re1 Bb7 16. Nc3 Rc8 17. Qe2 Nxc3 18. Bxc3 Qd5 19. Qe5 a5 20. Qxd5 Bxd5 21. Ne5 Rfd8 22. f4 f6 23. Ng4 Kf7 24. Ne3 Be4 25. Nf1 f5 26. Nd2 Bd5 27. Kf2 g5 28. Nf3 gxf4 29. Ne5+ Kg7 30. Kg1 Rg8 31. Rf1 Kf8 32. Rf2 Bh4 33. Rfc2 Rd8 34. Be1 Bf6 35. Rc7 Rxg2+ 36. Kf1 Rg7 37. Rxg7 Kxg7 38. Rc7+ Kg8 39. Bc3 Re8 40. Nd7 Bd8 41. Rc8 Bb7 42. Rb8 Ba6+ 43. Kg1 Kf7 44. Ne5+ Kf8 45. Nd7+ Ke7 46. Nxb6 e5 0-1

[Event "Barcelona Vila Gracia Seniors 55 op 3rd"]
[Site "Barcelona"]
[Date "2016.05.09"]
[Round "8.3"]
[White "Brusi Noguera, Ricardo Ll"]
[Black "Zaiats, Vladimir"]
[Result "1-0"]
[WhiteElo "2073"]
[BlackElo "1960"]
[PlyCount "91"]
[EventDate "2016.03.07"]
[EventType "swiss"]
[EventRounds "8"]
[EventCountry "ESP"]
[SourceTitle "EXT 2024"]
[Source "ChessBase"]
[SourceDate "2023.10.10"]
[SourceVersion "1"]
[SourceVersionDate "2023.10.10"]
[SourceQuality "1"]

1. d4 d5 2. c4 e6 3. Nc3 c5 4. cxd5 exd5 5. Nf3 Nc6 6. g3 Nf6 7. Bg2 Be7 8. 0-0 0-0 9. dxc5 Bxc5 10. Na4 Be7 11. Be3 Ne4 12. Rc1 Re8 13. a3 Bf6 14. Nd4 Bd7 15. Nc5 Nxc5 16. Rxc5 Nxd4 17. Bxd4 Bc6 18. e3 h6 19. Bxf6 Qxf6 20. b4 a6 21. Bxd5 Rad8 22. Qb3 Bb5 23. Rfc1 b6 24. Rc7 Bd7 25. Qc3 Qd6 26. e4 Rc8 27. f4 b5 28. Qc5 Qxc5+ 29. R1xc5 Rcd8 30. f5 Kf8 31. Kf2 f6 32. Kf3 Re5 33. g4 h5 34. h3 hxg4+ 35. hxg4 Re7 36. Ra7 Bc8 37. Ra8 Ree8 38. Rc7 Bd7 39. Rxa6 Ke7 40. Re6+ Kf8 41. Rb6 Re7 42. Kf4 Rde8 43. g5 fxg5+ 44. Kxg5 Bc8 45. Rc3 g6 46. Rxg6 1-0

[Event "Badalona op 37th"]
[Site "Badalona"]
[Date "2011.08.01"]
[Round "1"]
[White "Zaiats, Vladimir"]
[Black "Caro Martinez, Ramon"]
[Result "1-0"]
[WhiteElo "1997"]
[BlackElo "1738"]
[PlyCount "73"]
[EventDate "2011.08.01"]
[EventType "swiss"]
[EventRounds "9"]
[EventCountry "ESP"]
[SourceTitle "CBM 143 Extra"]
[Source "ChessBase"]
[SourceDate "2011.08.29"]
[SourceVersion "1"]
[SourceVersionDate "2011.08.29"]
[SourceQuality "1"]

1. e4 g6 2. d4 Bg7 3. f4 d6 4. Nf3 c5 5. c3 cxd4 6. Nxd4 a6 7. Be3 Nf6 8. Nd2 Ng4 9. Bg1 e5 10. fxe5 dxe5 11. N4f3 Nc6 12. Nc4 0-0 13. Qxd8 Rxd8 14. Bb6 Rd7 15. Be2 Nf6 16. Be3 Rb8 17. Nfd2 Rd8 18. Bb6 Rd7 19. 0-0-0 Bh6 20. Kc2 Re7 21. Bc5 Re8 22. Bd6 Ra8 23. Bf3 Bg4 24. Nb6 Rad8 25. Bc7 Rxd2+ 26. Rxd2 Bxd2 27. Kxd2 Be6 28. b3 g5 29. Ke3 g4 30. Be2 Nd7 31. Nd5 b5 32. Rd1 Kg7 33. Bd6 Nf8 34. Nc7 Rc8 35. Nxa6 Na7 36. Nc5 f6 37. Bxf8+ 1-0

[Event "Vall del Tenes op 2nd"]
[Site "Santa Eulalia de Roncana"]
[Date "2010.06.10"]
[Round "8"]
[White "Zaiats, Vladimir"]
[Black "Fernandez Diaz, Cristian"]
[Result "1/2-1/2"]
[WhiteElo "2048"]
[BlackElo "1867"]
[PlyCount "118"]
[EventDate "2010.04.22"]
[EventType "swiss"]
[EventRounds "9"]
[EventCountry "ESP"]
[SourceTitle "EXT 2011"]
[Source "ChessBase"]
[SourceDate "2010.11.26"]
[SourceVersion "1"]
[SourceVersionDate "2010.11.26"]
[SourceQuality "1"]

1. e4 e6 2. d4 d5 3. Nd2 dxe4 4. Nxe4 Nd7 5. Nf3 Ngf6 6. Bd3 Be7 7. 0-0 0-0 8. Ng3 b6 9. Ne5 Bb7 10. Qe2 c5 11. Nxd7 Qxd7 12. dxc5 bxc5 13. Be3 Rac8 14. Rfd1 Qc6 15. Qf1 Nd5 16. Bd2 Rfd8 17. Ba5 Nb6 18. Be4 Qc7 19. Bxb7 Qxb7 20. Qb5 h6 21. a4 Qc7 22. Rd3 Rxd3 23. Qxd3 Rd8 24. Qf3 Bf6 25. c3 Be5 26. b3 c4 27. bxc4 Qxc4 28. Qe4 Qxe4 29. Nxe4 Rc8 30. g3 f5 31. f4 Bb8 32. Nd2 e5 33. fxe5 Bxe5 34. Re1 Bxc3 35. Bxc3 Rxc3 36. a5 Nd5 37. Re5 Rd3 38. Nf1 Rd1 39. Kf2 f4 40. Re8+ Kf7 41. Ra8 Ne3 42. Rxa7+ Kf6 43. Nxe3 fxe3+ 44. Kxe3 Re1+ 45. Kf3 g5 46. Ra6+ Kg7 47. Kg4 Rh1 48. h3 Rh2 49. Rb6 Ra2 50. a6 Ra3 51. Rb7+ Kg6 52. Rb6+ Kg7 53. Kh5 Rxg3 54. Rg6+ Kf7 55. Rxh6 Rxh3+ 56. Kxg5 Rg3+ 57. Kf4 Ra3 58. a7 Kg7 59. Rh3 Rxa7 1/2-1/2

[Event "Vall del Tenes op 2nd"]
[Site "Santa Eulalia de Roncana"]
[Date "2010.04.29"]
[Round "2"]
[White "Perez Lopez, Juan Antonio"]
[Black "Zaiats, Vladimir"]
[Result "1-0"]
[WhiteElo "2127"]
[BlackElo "2048"]
[PlyCount "75"]
[EventDate "2010.04.22"]
[EventType "swiss"]
[EventRounds "9"]
[EventCountry "ESP"]
[SourceTitle "EXT 2011"]
[Source "ChessBase"]
[SourceDate "2010.11.26"]
[SourceVersion "1"]
[SourceVersionDate "2010.11.26"]
[SourceQuality "1"]

1. g3 d5 2. Bg2 c5 3. d3 Nc6 4. f4 Nf6 5. Nf3 e6 6. 0-0 Be7 7. Nbd2 0-0 8. c3 Ng4 9. Nb3 a5 10. h3 Nf6 11. Qe1 a4 12. Nbd2 b5 13. e4 d4 14. Ne5 Nxe5 15. fxe5 Nd7 16. Nf3 Nb8 17. cxd4 cxd4 18. Bf4 Nc6 19. Qf2 Bb7 20. Rfc1 Rc8 21. Bf1 Qd7 22. h4 Rc7 23. Kg2 Rfc8 24. Be2 Bb4 25. Bg5 a3 26. bxa3 Bxa3 27. Rc2 Nb4 28. Rxc7 Qxc7 29. Nxd4 Qc3 30. Rd1 Ba6 31. Be7 Nxa2 32. Bh5 g6 33. Rf1 Qb2 34. Be2 Bxe7 35. Qxf7+ Kh8 36. Qxe7 Qb4 37. Qf6+ Kg8 38. Nxe6 1-0

[Event "Alella op 5th"]
[Site "Alella"]
[Date "2008.08.21"]
[Round "6"]
[White "Zaiats, Vladimir"]
[Black "Barroso Quinones, Antonio"]
[Result "1-0"]
[WhiteElo "2044"]
[BlackElo "1869"]
[PlyCount "63"]
[EventDate "2008.08.16"]
[EventType "swiss"]
[EventRounds "9"]
[EventCountry "ESP"]
[SourceTitle "EXT 2009"]
[Source "ChessBase"]
[SourceDate "2008.11.26"]
[SourceVersion "1"]
[SourceVersionDate "2008.11.26"]
[SourceQuality "1"]

1. e4 e5 2. Nf3 Nf6 3. Nxe5 d6 4. Nf3 Nxe4 5. Qe2 Qe7 6. d3 Nf6 7. Bg5 Nbd7 8. Nc3 h6 9. Bf4 Nc5 10. 0-0-0 Bg4 11. a3 Ne6 12. Bd2 Bh5 13. g4 Bg6 14. Bg2 c6 15. Nh4 Bh7 16. Rde1 d5 17. f4 Kd7 18. Qf2 Qd8 19. Nf3 Kc8 20. Ne5 Bc5 21. Qf1 Qa5 22. Nxf7 Re8 23. f5 Nc7 24. Kb1 Bg8 25. Ne4 Qa6 26. Nxc5 Rxe1+ 27. Qxe1 Qb6 28. Nd6+ Kb8 29. Qe7 a6 30. Be3 d4 31. Bxd4 Ka7 32. Nb3 1-0

[Event "Alella op 5th"]
[Site "Alella"]
[Date "2008.08.20"]
[Round "5"]
[White "Andinach Carrasco, Javier"]
[Black "Zaiats, Vladimir"]
[Result "0-1"]
[WhiteElo "1884"]
[BlackElo "2044"]
[PlyCount "118"]
[EventDate "2008.08.16"]
[EventType "swiss"]
[EventRounds "9"]
[EventCountry "ESP"]
[SourceTitle "EXT 2009"]
[Source "ChessBase"]
[SourceDate "2008.11.26"]
[SourceVersion "1"]
[SourceVersionDate "2008.11.26"]
[SourceQuality "1"]

1. e4 e5 2. Nf3 Nf6 3. d3 d5 4. exd5 Qxd5 5. Be2 Nc6 6. 0-0 Be7 7. Nc3 Qd8 8. Re1 0-0 9. h3 Bf5 10. Ng5 h6 11. Nge4 Nd4 12. Ng3 Bd7 13. Bf1 Nc6 14. Be3 Re8 15. Qd2 Bf8 16. Rad1 Nd4 17. Nce2 c5 18. Ne4 Nd5 19. Bxd4 cxd4 20. a3 f5 21. N4g3 Rc8 22. c4 dxc3 23. Nxc3 Nxc3 24. bxc3 Rc6 25. d4 e4 26. c4 Qg5 27. Qa5 Rd6 28. c5 b6 29. Qxa7 bxc5 30. dxc5 Rxd1 31. Rxd1 Be6 32. c6 e3 33. Ne2 f4 34. Qd4 exf2+ 35. Qxf2 Bc5 36. Nd4 Bxh3 37. Kh1 Bg4 38. Rc1 Qh5+ 39. Kg1 Qe5 40. Rxc5 Qxc5 41. Qxf4 h5 42. Kh2 Rf8 43. Qe3 Rxf1 44. Qb3+ Rf7 45. Qb8+ Kh7 46. Qb1+ g6 47. Qb3 Rg7 48. Qe3 Qd6+ 49. Kg1 Re7 50. Qd2 Qxa3 51. Qc2 Qa1+ 52. Kh2 Qxd4 53. c7 Qe5+ 54. Kg1 Rxc7 55. Qd2 Re7 56. Kh1 Qe1+ 57. Qxe1 Rxe1+ 58. Kh2 Re2 59. Kg3 Kg7 0-1

[Event "Ideal Clave op 7th"]
[Site "Barcelona"]
[Date "2001.11.17"]
[Round "7"]
[White "Zaiats, Vladimir"]
[Black "Garcia, G."]
[Result "1-0"]
[WhiteElo "2075"]
[BlackElo "1920"]
[PlyCount "115"]
[EventDate "2001.09.29"]
[EventType "swiss"]
[EventRounds "8"]
[EventCountry "ESP"]
[SourceTitle "EXT 2003"]
[Source "ChessBase"]
[SourceDate "2002.11.25"]
[SourceVersion "1"]
[SourceVersionDate "2002.11.25"]
[SourceQuality "1"]

1. e4 e5 2. Nf3 Nf6 3. Nxe5 d6 4. Nf3 Nxe4 5. Qe2 Qe7 6. d3 Nf6 7. Bg5 Qxe2+ 8. Bxe2 Be7 9. Nc3 Na6 10. 0-0-0 c6 11. Ne4 Nxe4 12. dxe4 Nc5 13. Bxe7 Kxe7 14. Rhe1 Be6 15. Nd2 Rhd8 16. Kb1 Kf8 17. f4 f6 18. g4 Kg8 19. h4 d5 20. f5 Bf7 21. exd5 Bxd5 22. g5 Ne4 23. Nxe4 Bxe4 24. gxf6 gxf6 25. Bc4+ Kh8 26. Be6 Bf3 27. Rd7 Bg4 28. Rxb7 Rd2 29. Rc7 Rad8 30. b3 Bf3 31. Rg1 Rd1+ 32. Rxd1 Rxd1+ 33. Kb2 a5 34. Rf7 Bh5 35. Ra7 Rd4 36. Rxa5 Rxh4 37. Ra8+ Kg7 38. Ra7+ Kh8 39. Ra8+ Kg7 40. Ra7+ Kh8 41. Rc7 Bf3 42. Rc8+ Kg7 43. Rg8+ Kh6 44. a4 Rh2 45. Rg3 Be4 46. Rc3 Kg5 47. Rc5 Kf4 48. a5 Rg2 49. a6 Rg7 50. Bc8 Ra7 51. Rc4 h5 52. Bb7 Kxf5 53. b4 h4 54. b5 cxb5 55. Rxe4 Rxa6 56. Rxh4 Rb6 57. Bc8+ Ke5 58. Rh5+ 1-0

[Event "Ideal Clave op 7th"]
[Site "Barcelona"]
[Date "2001.11.03"]
[Round "5"]
[White "Zaiats, Vladimir"]
[Black "Centeno Ortiz, Antonio"]
[Result "1/2-1/2"]
[WhiteElo "2075"]
[BlackElo "2080"]
[PlyCount "21"]
[EventDate "2001.09.29"]
[EventType "swiss"]
[EventRounds "8"]
[EventCountry "ESP"]
[SourceTitle "EXT 2003"]
[Source "ChessBase"]
[SourceDate "2002.11.25"]
[SourceVersion "1"]
[SourceVersionDate "2002.11.25"]
[SourceQuality "1"]

1. e4 c5 2. Nf3 Nc6 3. Bb5 g6 4. 0-0 Bg7 5. c3 Nf6 6. Re1 0-0 7. d4 d5 8. e5 Ne4 9. Nbd2 Bf5 10. Nf1 cxd4 11. cxd4 1/2-1/2

[Event "Ideal Clave op 7th"]
[Site "Barcelona"]
[Date "2001.10.06"]
[Round "2"]
[White "Angli Marti, Jordi"]
[Black "Zaiats, Vladimir"]
[Result "0-1"]
[WhiteElo "1945"]
[BlackElo "2075"]
[PlyCount "121"]
[EventDate "2001.09.29"]
[EventType "swiss"]
[EventRounds "8"]
[EventCountry "ESP"]
[SourceTitle "EXT 2003"]
[Source "ChessBase"]
[SourceDate "2002.11.25"]
[SourceVersion "1"]
[SourceVersionDate "2002.11.25"]
[SourceQuality "1"]

1. d4 b6 2. c4 Bb7 3. Nc3 Nf6 4. Qc2 e6 5. e4 Bb4 6. Bd3 d5 7. e5 Ne4 8. Nf3 Nd7 9. cxd5 exd5 10. 0-0 Bxc3 11. bxc3 c5 12. Nd2 0-0 13. Nxe4 dxe4 14. Bxe4 Bxe4 15. Qxe4 Re8 16. Qg4 Nf8 17. Bg5 Qc8 18. Qxc8 Raxc8 19. Rac1 Ne6 20. Be3 Nc7 21. dxc5 bxc5 22. Bxc5 Rxe5 23. Bxa7 Ra5 24. Bb6 Rxa2 25. Ra1 Rxa1 26. Rxa1 Nd5 27. Bd4 f6 28. Rc1 Rc4 29. Kf1 Nf4 30. g3 Ne6 31. Be3 Kf7 32. Ke2 h6 33. Kd3 Rc6 34. c4 f5 35. c5 g5 36. f4 gxf4 37. gxf4 Nc7 38. Kd4 Ke8 39. Rb1 Kd7 40. Rb6 Re6 41. Rxe6 Kxe6 42. Bc1 Nb5+ 43. Kc4 Na7 44. Bb2 Nc6 45. Bc3 Na7 46. Ba5 Nc6 47. Bb6 Ne7 48. Bc7 Nc6 49. Bd6 Na7 50. Kb4 Kd5 51. Ka5 Kc6 52. Kb4 Kd5 53. Be5 Nc6+ 54. Kb5 h5 55. Bd6 Na7+ 56. Kb6 Nc8+ 57. Kc7 Na7 58. Kb7 Nc6 59. Kb6 Nd4 60. Kb7 Ne6 61. Kb6 0-1

[Event "Canovelles op-A"]
[Site "Canovelles"]
[Date "1999.??.??"]
[Round "5"]
[White "Exposito Luque, Francisco"]
[Black "Zaiats, Vladimir"]
[Result "0-1"]
[WhiteElo "1970"]
[BlackElo "2095"]
[PlyCount "30"]
[EventDate "1999.??.??"]
[EventType "swiss"]
[EventRounds "9"]
[EventCountry "ESP"]
[SourceTitle "EXT 2000"]
[Source "ChessBase"]
[SourceDate "1999.11.16"]
[SourceVersion "1"]
[SourceVersionDate "1999.11.16"]
[SourceQuality "1"]

1. e4 e5 2. Nc3 Nf6 3. f4 d5 4. fxe5 Nxe4 5. Nf3 Be7 6. Be2 Bh4+ 7. g3 Be7 8. d4 0-0 9. Qd3 Bf5 10. Qe3 c5 11. Nxe4 dxe4 12. Bd2 exf3 13. Bxf3 Nc6 14. Bxc6 bxc6 15. dxc5 Qd5 0-1